000 00659nam a22002297a 4500
003 UA-OsUOA
001 78751
007 ta
008 20111019b un ||||| |||| 00| 0 ukr d
100 _aЗагребельний П.
090 _a821.161.1(477)
_bЗ-14
942 _cBK
040 _aUA-OsUOA
_brus
_cUA-OsUOA
_dUA-OsUOA
245 _aСобрание сочинений
_bРоман
_n5
300 _a639 с.
955 _a3
041 _arus
080 _a821.161.1(477)
260 _aМ.
_bХудожественная литература
_c1987
650 7 _a82 Література. Літературознавство
_2UDC
999 _c365068
_d365068